Statistics for Modern-Day Mexican States of the Aztec Empire with a Map

Click here to take the quiz!

General Stats

  • This quiz has been taken 178 times
  • The average score is 8 of 12

Answers on the Map

Answers color-coded by a green-red scale on the quiz's map according to % correct below.
 

Answer Stats

States% Correct
México
98%
Mexico City
98%
Veracruz
76%
Oaxaca
72%
Chiapas
64%
Puebla
64%
Guerrero
56%
San Luis Potosí
54%
Hidalgo
50%
Morelos
50%
Tlaxcala
47%
Querétaro
45%

Score Distribution

Percentile by Number Answered

Percent of People with Each Score

Your Score History

You have not taken this quiz